De optima legendorum ecclesiae patrum methodo (Record no. 8608)

MARC details
000 -CABECERA
campo de control de longitud fija 00899nam a2200217 a 4500
001 - NÚMERO DE CONTROL
campo de control BRCA_8957
005 - FECHA Y HORA DE LA ÚLTIMA TRANSACCIÓN
campo de control 20190320210454.0
008 - DATOS DE LONGITUD FIJA--INFORMACIÓN GENERAL
campo de control de longitud fija 050717s1774----sp-#######---#000-0#lat-#
041 ## - CÓDIGO DE LENGUA
Código de lengua del texto/banda sonora o título independiente lat
044 ## - CÓDIGO DEL PAÍS DE LA ENTIDAD EDITORA/PRODUCTORA
Código MARC del país sp
084 ## - OTRO NÚMERO DE CLASIFICACIÓN
Número de clasificación BE27
Número de documento/Ítem .O68 1774
245 10 - MENCIÓN DE TÍTULO
Título De optima legendorum ecclesiae patrum methodo
Resto del título in quatuor partes tributa: ex Gallico in Latinum sermonem traslata [et] nonnullis annotationibus illustrata
Mención de responsabilidad, etc. interprete J.F.R ...
260 ## - PUBLICACIÓN, DISTRIBUCIÓN, ETC.
Lugar de publicación, distribución, etc. Matriti
Nombre del editor, distribuidor, etc. Ex typographia D. Antonii de Sancha
Fecha de publicación, distribución, etc. 1774
300 ## - DESCRIPCIÓN FÍSICA
Extensión [11], 335 p.
Dimensiones 21.5 x 15 cm
500 ## - NOTA GENERAL
Nota general Superiorum permissu
500 ## - NOTA GENERAL
Nota general En portada: Se hallará en la Librería de Alverá, Carrera de San Geronymo; y en la de Sancha, à la Aduana vieja
500 ## - NOTA GENERAL
Nota general Estado físico: presenta encuadernación en pergamino con cintas
650 14 - PUNTO DE ACCESO ADICIONAL DE MATERIA--TÉRMINO DE MATERIA
Término de materia o nombre geográfico como elemento de entrada Iglesia católica
Subdivisión general Historia
Subdivisión cronológica Obras anteriores a 1800
9 (RLIN) 21972
902 ## - CATALOGADOR
Iniciales CFM
942 ## - ELEMENTOS DE PUNTO DE ACCESO ADICIONAL (KOHA)
Fuente del sistema de clasificación o colocación Library of Congress Classification
Tipo de ítem Koha Libros
Holdings
Estado de retiro Estado de pérdida Estado dañado No para préstamo Localización permanente Ubicación/localización actual Fecha de adquisición Total de préstamos Signatura topográfica completa Código de barras Fecha visto por última vez Precio válido a partir de Tipo de ítem Koha
El ejemplar forma parte de la colección y puede ser consultado según las políticas vigentes.       Biblioteca del Museo Franz Mayer (Rogerio Casas-Alatriste) Biblioteca del Museo Franz Mayer (Rogerio Casas-Alatriste) 05/07/2017   BE27 .O68 1774 CFM00367 22/03/2019 22/03/2019 Libros